Normal view
MARC view
- Linguistics - Urdu
Entry Topical Term
001 - CONTROL NUMBER
- control field: 129757
003 - CONTROL NUMBER IDENTIFIER
- control field: NUST
005 - DATE AND TIME OF LATEST TRANSACTION
- control field: 20250712160224.0
008 - FIXED-LENGTH DATA ELEMENTS
- fixed length control field: 250712|| aca||aabn | a|a d
040 ## - CATALOGING SOURCE
- Original cataloging agency: NUST
- Transcribing agency: NUST
150 ## - HEADING--TOPICAL TERM
- Topical term or geographic name entry element: Linguistics - Urdu
670 ## - SOURCE DATA FOUND
- Source citation: Work cat.: (NUST): Rasheed Hassan Khan 129756, Zaban Aur Qawaid/
